000 00464nam a22001697a 4500
005 20251108163342.0
008 250721s1979 xx 000 0 ara d
082 1 4 _a193/مصط
100 1 _aغالب، مصطفى
245 1 0 _aنيتشه /
264 1 _aبيروت :
_bمكتبة الهلال،
_c1979.
300 _a166ص
490 0 _aفي سبيل موسوعة فلسفية
650 1 7 _aالفلسفة الألمانية
942 _2ddc
_cBK
999 _c511
_d511